Data ducting infrastructure for new homes (Record no. 107967)

MARC details
000 -LEADER
fixed length control field 01216cad a22002415a 4500
001 - CONTROL NUMBER
control field L142778
008 - FIXED-LENGTH DATA ELEMENTS--GENERAL INFORMATION
fixed length control field 080310s2008 xxk f f000 0 eng d
035 ## - SYSTEM CONTROL NUMBER
System control number (Sirsi) u142778
041 0# - LANGUAGE CODE
Language code of text/sound track or separate title eng
050 04 - LIBRARY OF CONGRESS CALL NUMBER
Classification number 621.31042 $2 18
100 1# - MAIN ENTRY--PERSONAL NAME
Personal name Guile, Bill
245 00 - TITLE STATEMENT
Title Data ducting infrastructure for new homes
Remainder of title guidance note
Medium [electronic resource]
260 ## - PUBLICATION, DISTRIBUTION, ETC.
Place of publication, distribution, etc. London
Name of publisher, distributor, etc. DCLG
Date of publication, distribution, etc. 2008
520 ## - SUMMARY, ETC.
Summary, etc. Written for housing developers, this document provides practical guidance on the laying of ducting on development sites and within dwellings, for the later provision of data services by third parties. The guidance covers external infrastructure, internal infrastructure, duct conditions, sub ducting, ownership and stewardship, standards and regulations, and cable sizing assumptions.
521 2# - TARGET AUDIENCE NOTE
Target audience note Advanced
590 ## - LOCAL NOTE (RLIN)
Local note KA
651 #4 - SUBJECT ADDED ENTRY--GEOGRAPHIC NAME
Geographic name United Kingdom
Chronological subdivision
690 ## - LOCAL SUBJECT ADDED ENTRY--TOPICAL TERM (OCLC, RLIN)
Topical term or geographic name as entry element BUILT ENVIRONMENT-ENGINEERING-ELECTRICAL ENGINEERING
700 1# - ADDED ENTRY--PERSONAL NAME
Personal name Barrow, John
710 1# - ADDED ENTRY--CORPORATE NAME
Corporate name or jurisdiction name as entry element United Kingdom
Subordinate unit Department for Communities and Local Government
9 (RLIN) 4939
856 40 - ELECTRONIC LOCATION AND ACCESS
Uniform Resource Identifier <a href="https://www.communities.gov.uk/documents/planningandbuilding/pdf/dataducting.pdf">https://www.communities.gov.uk/documents/planningandbuilding/pdf/dataducting.pdf</a>
Public note View the guidance free of charge at www.communities.gov.uk...
942 ## - ADDED ENTRY ELEMENTS (KOHA)
Suppress in OPAC 0
Holdings
Withdrawn status Lost status Source of classification or shelving scheme Damaged status Not for loan Home library Current library Shelving location Date acquired Total Checkouts Full call number Barcode Date last seen Copy number Price effective from Koha item type
    Dewey Decimal Classification     Virtual Virtual Online 10/03/2008   ONLINE PUBLICATION 142778-2001 06/08/2019 1 06/08/2019 Book